000 00444cam a22001814a 4500
005 20250605164114.0
008 250528s ||||||||||||||||||||||||d
035 _a18005
040 _aGR-AtMCL
_bgre
_dGR-AtMCL
_eAACR2
245 1 _aΑΤΟΜΙΚΗ ΨΥΧΟΛΟΓΙΑ
250 _a2
260 _bΜπουκουμάνης,
_c1970
300 _a136
700 1 _aRattner Josef
_94326
942 _cBK
999 _c3397
_d3397